Score 0/10 Timer 01:00
0 Plays Today
% Correct
James Cameron
93.5%
Jim Carrey
92.7%
Wayne Gretzky
91.3%
Neil Young
89.2%
Pierre Trudeau
85.7%
Elizabeth Arden
83.9%
James Naismith
79.4%
Margaret Atwood
77.6%
Sandford Fleming
74.2%
Mary Pickford
58.7%

Today's Daily Dose

Missing Word
Boxers

Quick Pick
Rise or Fall?

Get the Picture
A ‘B’ in Disney

You're not logged in!

Compare scores with friends on all Sporcle quizzes.
OR
Log In

Sporcle TV

Today on Sporcle TV


Watch our educational content, quiz creation guides, and fun videos on Sporcle TV.

Show Comments

Extras

Top Quizzes Today


Score Distribution

Paid Content

Your Account Isn't Verified!

In order to create a playlist on Sporcle, you need to verify the email address you used during registration. Go to your Sporcle Settings to finish the process.

Report this User

Report this user for behavior that violates our Community Guidelines.

Details: